Every IKEA Location in the United States on a Map - Statistics

General Stats
  • This quiz has been taken 481 times
  • The average score is 15 of 55
Answers on the Map
Answers color-coded by a green-red scale on the quiz's map according to % correct below.
 
Answer Stats
State Answer % Correct
Florida Miami
75%
Oregon Portland
75%
California San Francisco
75%
Texas Houston
73%
New York New York City
73%
California San Diego
68%
Georgia Atlanta
65%
Nevada Las Vegas
65%
Florida Orlando
65%
Florida Tampa
63%
Florida Jacksonville
60%
Minnesota Minneapolis
59%
Pennsylvania Philadelphia
54%
California Sacramento
54%
Ohio Columbus
53%
Maryland Baltimore
52%
Tennessee Memphis
52%
Pennsylvania Pittsburgh
51%
Missouri St. Louis
51%
North Carolina Charlotte
50%
New York Syracuse
32%
Connecticut New Haven
26%
Virginia Norfolk
24%
Texas McAllen
21%
Arizona Tempe
15%
California Burbank
12%
New Jersey Elizabeth
12%
California Palo Alto
11%
Texas Frisco
10%
Texas Round Rock
9%
Illinois Schaumburg
9%
Maryland College Park
7%
Indiana Fishers
7%
Michigan Canton
6%
Colorado Centennial
6%
Washington Renton
6%
Illinois Bolingbrook
5%
Texas San Marcos
5%
Texas Grand Prairie
4%
New Jersey Paramus
4%
Virginia Woodbridge
4%
California Carson
3%
California Costa Mesa
3%
California Emeryville
3%
Wisconsin Oak Creek
3%
Florida Sunrise
3%
Ohio West Chester
3%
California Arcadia
2%
Pennsylvania Conshohocken
2%
California Covina
2%
Utah Draper
2%
New York Hicksville
2%
Texas Live Oak
2%
Kansas Merriam
2%
Massachusetts Stoughton
2%
No matching quizzes found
Score Distribution
Percent of People with Each Score
Percentile by Number Answered
Your Score History
You have not taken this quiz